ABA Teams - American Basketball Association - Statistics

General Stats
  • This quiz has been taken 27 times
  • The average score is 9 of 12
Answer Stats
Location: Team Name: % Correct
Indiana Pacers
100%
San Antonio Spurs
100%
Denver Nuggets
94%
Kentucky Colonels
88%
St. Louis Spirits of
88%
Miami The Floridians
82%
New York Nets
82%
Virginia Squires
65%
Utah Stars
59%
San Diego Sails
47%
Baltimore Claws
35%
Pittsburgh Condors
35%
No matching quizzes found
Score Distribution
Percent of People with Each Score
Percentile by Number Answered
Your Score History
You have not taken this quiz